Tagebuchaufzeichnungen aus dem Zeitraum von 1931 bis 1934 (Titelsatznr. 76348)
[ MARC ]
| 000 -Satzkennung | |
|---|---|
| Kontrollfeld mit fester Länge | 00440nam a2200181 4500 |
| 001 - Kontrollnummer | |
| Kontrollfeld | 15931 |
| 005 - Datum und Zeit der letzten Transaktion | |
| Kontrollfeld | 20201125173343.0 |
| 007 - Feld mit fester Länge zur physischen Beschreibung - Allgemeine Information | |
| Kontrollfeld mit fester Länge | tu |
| 008 - Feld mit fester Länge zur physischen Beschreibung - Allgemeine Angaben | |
| Kontrollfeld mit fester Länge | 100907|||||||||||| ger |
| 100 1# - Haupteintragung - Personenname | |
| Personenname | Köhler, Heinz |
| 245 00 - Titel | |
| Titel | Tagebuchaufzeichnungen aus dem Zeitraum von 1931 bis 1934 |
| Verfasserangabe etc. | Heinz Köhler |
| 365 ## - Handelspreis | |
| Währungscode | € |
| 505 #0 - Fußnote zu strukturierten Inhaltsangaben | |
| Fußnote zu strukturierten Inhaltsangaben | 2 Hefte |
| 546 ## - Fußnote zur Sprache | |
| Sprache | deutsch |
| 650 04 - Nebeneintragung unter einem Schlagwort - Sachschlagwort | |
| Sachschlagwort oder geografischer Name als Eintragungselement | Handschrift |
| 650 04 - Nebeneintragung unter einem Schlagwort - Sachschlagwort | |
| Sachschlagwort oder geografischer Name als Eintragungselement | Tagebuch |
| 650 04 - Nebeneintragung unter einem Schlagwort - Sachschlagwort | |
| Sachschlagwort oder geografischer Name als Eintragungselement | Köhler, Heinz |
| Ausgeschieden | Verloren | Klassifikation oder Aufstellungssystematik | Beschädigt | Nicht entleihbar | Heimatbibliothek | Aufenthaltsbibliothek | Erwerbungsdatum | Kodierter Standort-Qualifier | Anzahl Ausleihen | Signatur | Letzte Aktivität | Preis gültig von | Koha-Medientyp |
|---|---|---|---|---|---|---|---|---|---|---|---|---|---|
| Andere/Generische Klassifikation | Stadtarchiv Frankfurt (Oder) | Archivbibliothek | Stadtarchiv Frankfurt (Oder) | Archivbibliothek | 25/11/2020 | M | Altsignatur: HsM 8° 6 Verweis StAFF 3-802 - BA I Tit. 34 Nr. 55 | 25/11/2020 | 25/11/2020 | Bücher |